[Event "Matinhos Caioba op"]
[Site "Matinhos"]
[Date "2015.08.14"]
[Round "2"]
[White "Delgado Ramirez, Neuris"]
[Black "Reichert, Thiago da Cruz"]
[Result "1-0"]
[WhiteElo "2604"]
[BlackElo "2003"]
[PlyCount "53"]
[EventDate "2015.08.14"]
[EventType "swiss"]
[EventRounds "6"]
[EventCountry "BRA"]
[SourceTitle "EXT 2016"]
[Source "ChessBase"]
[SourceDate "2015.10.08"]
[SourceVersion "1"]
[SourceVersionDate "2015.10.08"]
[SourceQuality "1"]

1. e4 e6 2. d4 d5 3. Nd2 Nf6 4. e5 Nfd7 5. f4 c5 6. c3 Nc6 7. Ndf3 Qb6 8. a3 c4
9. Ne2 Na5 10. g4 h5 11. gxh5 Nb3 12. Rb1 Nxc1 13. Qxc1 Rxh5 14. Ng3 Rh6 15.
Be2 Nb8 16. O-O Nc6 17. Qe3 Bd7 18. Ng5 g6 19. Qf2 Be7 20. Kg2 Qd8 21. h4 Rxh4
22. Rh1 Bxg5 23. fxg5 Rxh1 24. Rxh1 Qxg5 25. Rh8+ Ke7 26. Rxa8 Be8 27. Qf6+ 1-0

[Event "Matinhos Caioba op"]
[Site "Matinhos"]
[Date "2015.08.15"]
[Round "3"]
[White "Osipi, Jair"]
[Black "Delgado Ramirez, Neuris"]
[Result "0-1"]
[WhiteElo "2214"]
[BlackElo "2604"]
[PlyCount "68"]
[EventDate "2015.08.14"]
[EventType "swiss"]
[EventRounds "6"]
[EventCountry "BRA"]
[SourceTitle "EXT 2016"]
[Source "ChessBase"]
[SourceDate "2015.10.08"]
[SourceVersion "1"]
[SourceVersionDate "2015.10.08"]
[SourceQuality "1"]

1. d4 Nf6 2. Nf3 e6 3. c4 b6 4. g3 Bb7 5. Bg2 g6 6. Nc3 Ne4 7. d5 Nxc3 8. Qd4
f6 9. bxc3 Bc5 10. Qd3 e5 11. Nd2 d6 12. h4 f5 13. h5 Qf6 14. e4 Bc8 15. Bh3
Na6 16. Rh2 Bd7 17. a4 O-O-O 18. Qe2 Kb7 19. Nb3 fxe4 20. Bxd7 Rxd7 21. Qxe4
Rf8 22. Ra2 gxh5 23. a5 Qg6 24. Re2 Rdf7 25. Qxg6 hxg6 26. Bh6 Rh8 27. Bc1 Rf3
28. Rc2 Rhf8 29. Bg5 R8f5 30. Bc1 Bd4 31. axb6 Bxc3+ 32. Ke2 Nb4 33. Nd2 Bxd2
34. Rxd2 axb6 0-1

[Event "Matinhos Caioba op"]
[Site "Matinhos"]
[Date "2015.08.15"]
[Round "4"]
[White "Delgado Ramirez, Neuris"]
[Black "Matsuura, Frederico"]
[Result "0-1"]
[WhiteElo "2604"]
[BlackElo "2307"]
[PlyCount "78"]
[EventDate "2015.08.14"]
[EventType "swiss"]
[EventRounds "6"]
[EventCountry "BRA"]
[SourceTitle "EXT 2016"]
[Source "ChessBase"]
[SourceDate "2015.10.08"]
[SourceVersion "1"]
[SourceVersionDate "2015.10.08"]
[SourceQuality "1"]

1. e4 e6 2. d4 d5 3. Nd2 Be7 4. e5 c5 5. c3 Nh6 6. Ndf3 Nf5 7. Bd3 Nc6 8. Ne2
cxd4 9. cxd4 f6 10. exf6 Bxf6 11. Bd2 O-O 12. Bc3 Qd6 13. O-O Bd7 14. Qd2 Kh8
15. b4 a6 16. a4 e5 17. dxe5 Nxe5 18. Bxe5 Bxe5 19. Nxe5 Qxe5 20. Bxf5 Bxf5 21.
Nd4 Rac8 22. Rfe1 Qf6 23. Ra3 Be4 24. f3 Rc4 25. Rd1 Bg6 26. a5 Qd6 27. Rb3
Rfc8 28. Rb2 h6 29. Qe1 Qf4 30. Ne6 Qf6 31. Re2 d4 32. Nc5 Qf4 33. Re7 d3 34.
Qe6 Rc6 35. Qd7 Rc1 36. Rxc1 Qxc1+ 37. Kf2 d2 38. Qd8+ Kh7 39. Nd7 d1=N+ 0-1

[Event "Matinhos Caioba op"]
[Site "Matinhos"]
[Date "2015.08.16"]
[Round "5"]
[White "Calcado, Acyr Rogerio"]
[Black "Delgado Ramirez, Neuris"]
[Result "0-1"]
[WhiteElo "2138"]
[BlackElo "2604"]
[PlyCount "92"]
[EventDate "2015.08.14"]
[EventType "swiss"]
[EventRounds "6"]
[EventCountry "BRA"]
[SourceTitle "EXT 2016"]
[Source "ChessBase"]
[SourceDate "2015.10.08"]
[SourceVersion "1"]
[SourceVersionDate "2015.10.08"]
[SourceQuality "1"]

1. e4 c5 2. Nf3 d6 3. d4 cxd4 4. Nxd4 Nf6 5. Nc3 Nc6 6. Bg5 Qa5 7. Bxf6 gxf6 8.
Qd2 Bg7 9. O-O-O f5 10. Bb5 Bd7 11. Bxc6 bxc6 12. exf5 c5 13. Nb3 Bxc3 14. Nxa5
Bxd2+ 15. Rxd2 Bxf5 16. Nc4 Be6 17. Ne3 h5 18. h4 f5 19. Re1 Kd7 20. f4 Rag8
21. c4 Rg7 22. b3 Kd8 23. Ree2 Bd7 24. Kd1 Rf8 25. Ke1 Bc6 26. Nf1 Rfg8 27. g3
Rxg3 28. Nxg3 Rxg3 29. Re6 Rg1+ 30. Ke2 Rg4 31. Ke3 Rxh4 32. Rf2 Rh3+ 33. Kd2
Be4 34. Rh6 h4 35. Ke1 a5 36. Rh8+ Kd7 37. Rh6 a4 38. bxa4 Re3+ 39. Kd2 Ra3 40.
Kc1 Rxa4 41. Rxh4 Rxc4+ 42. Kb2 Rb4+ 43. Kc1 Rb1+ 44. Kd2 d5 45. Rh3 d4 46. Rb3
Ra1 0-1

[Event "Matinhos Caioba op"]
[Site "Matinhos"]
[Date "2015.08.16"]
[Round "6"]
[White "Delgado Ramirez, Neuris"]
[Black "Cruz, William Ferreira Da"]
[Result "1-0"]
[WhiteElo "2604"]
[BlackElo "2239"]
[PlyCount "57"]
[EventDate "2015.08.14"]
[EventType "swiss"]
[EventRounds "6"]
[EventCountry "BRA"]
[SourceTitle "EXT 2016"]
[Source "ChessBase"]
[SourceDate "2015.10.08"]
[SourceVersion "1"]
[SourceVersionDate "2015.10.08"]
[SourceQuality "1"]

1. e4 e6 2. d4 d5 3. Nd2 Be7 4. e5 c5 5. c3 Nc6 6. Bd3 Bd7 7. Ndf3 Rc8 8. Ne2
cxd4 9. Nexd4 f6 10. Nxc6 bxc6 11. Qe2 fxe5 12. Nxe5 Nf6 13. Bf4 Qb6 14. O-O c5
15. Nxd7 Nxd7 16. Rae1 Nf8 17. c4 d4 18. Be5 Bf6 19. f4 Bxe5 20. Qxe5 Qc7 21.
Qe2 Kf7 22. f5 e5 23. Qh5+ Kg8 24. f6 gxf6 25. Rxf6 Rd8 26. Rxe5 Rd7 27. Rxf8+
Kxf8 28. Re8+ Kg7 29. Qg5+ 1-0

[Event "Matinhos Caioba-ch"]
[Site "Matinhos"]
[Date "2015.08.28"]
[Round "1"]
[White "Bonfim, Regina Rodrigues"]
[Black "Delgado Ramirez, Neuris"]
[Result "0-1"]
[WhiteElo "1946"]
[BlackElo "2604"]
[PlyCount "52"]
[EventDate "2015.08.28"]
[EventType "swiss"]
[EventRounds "6"]
[EventCountry "BRA"]
[SourceTitle "EXT 2016"]
[Source "ChessBase"]
[SourceDate "2015.10.08"]
[SourceVersion "1"]
[SourceVersionDate "2015.10.08"]
[SourceQuality "1"]

1. d4 Nf6 2. c4 c5 3. Nf3 cxd4 4. Nxd4 e5 5. Nb5 d5 6. e3 a6 7. N5c3 d4 8. exd4
exd4 9. Na4 Bd7 10. Bd3 Qa5+ 11. Bd2 Qxa4 12. Qe2+ Be6 13. O-O Nbd7 14. f4 g6
15. f5 gxf5 16. Bxf5 Qxc4 17. Bd3 Qd5 18. Rf5 Qc6 19. Na3 Be7 20. Rc1 Nc5 21.
Re5 Nfd7 22. Rh5 Rg8 23. Rxh7 Ne5 24. Bc4 Qe4 25. b4 Qxh7 26. Qxe5 Nd3 0-1

[Event "Matinhos Caioba-ch"]
[Site "Matinhos"]
[Date "2015.08.28"]
[Round "2"]
[White "Delgado Ramirez, Neuris"]
[Black "Brusamolin, Valerio"]
[Result "1-0"]
[WhiteElo "2604"]
[BlackElo "2107"]
[PlyCount "59"]
[EventDate "2015.08.28"]
[EventType "swiss"]
[EventRounds "6"]
[EventCountry "BRA"]
[SourceTitle "EXT 2016"]
[Source "ChessBase"]
[SourceDate "2015.10.08"]
[SourceVersion "1"]
[SourceVersionDate "2015.10.08"]
[SourceQuality "1"]

1. e4 c5 2. Nf3 Nc6 3. Bb5 g6 4. Bxc6 dxc6 5. d3 Bg7 6. h3 e5 7. Be3 b6 8. Qd2
f6 9. a3 a5 10. Nc3 Ne7 11. Bh6 O-O 12. Bxg7 Kxg7 13. Nh2 Qc7 14. Ne2 Ng8 15.
f4 exf4 16. Nxf4 c4 17. O-O Qd6 18. d4 Re8 19. Rae1 b5 20. Qf2 b4 21. Nxg6 hxg6
22. e5 Qd8 23. exf6+ Kf7 24. Qh4 Rxe1 25. Qh7+ Ke6 26. Rxe1+ Kxf6 27. Nf3 Bf5
28. g4 Bxc2 29. g5+ Kf5 30. Re5+ 1-0

[Event "Matinhos Caioba-ch"]
[Site "Matinhos"]
[Date "2015.08.29"]
[Round "3"]
[White "Pires, Marcos Vinicius Tor"]
[Black "Delgado Ramirez, Neuris"]
[Result "0-1"]
[WhiteElo "2241"]
[BlackElo "2604"]
[PlyCount "76"]
[EventDate "2015.08.28"]
[EventType "swiss"]
[EventRounds "6"]
[EventCountry "BRA"]
[SourceTitle "EXT 2016"]
[Source "ChessBase"]
[SourceDate "2015.10.08"]
[SourceVersion "1"]
[SourceVersionDate "2015.10.08"]
[SourceQuality "1"]

1. Nf3 Nf6 2. c4 e6 3. g3 d5 4. d4 Bb4+ 5. Bd2 Bd6 6. Bg2 c6 7. Qc2 Nbd7 8. O-O
O-O 9. Bf4 Bxf4 10. gxf4 b6 11. cxd5 cxd5 12. Nc3 a5 13. Rac1 Ba6 14. a4 Nh5
15. f5 Nf4 16. Rfe1 Qf6 17. Bf1 exf5 18. Qd2 Qh6 19. Nb5 Rac8 20. Kh1 Nf6 21.
Rxc8 Rxc8 22. Rc1 Ne4 23. Rxc8+ Bxc8 24. Qc2 Nxf2+ 25. Kg1 N2h3+ 26. Kh1 Be6
27. Qc7 Ng6 28. Bxh3 Qxh3 29. Qxb6 Qf1+ 30. Ng1 h6 31. Qb8+ Kh7 32. Qg3 f4 33.
Qf3 Qb1 34. Nc3 Qxb2 35. Qd3 Qa1 36. h4 Qe1 37. h5 Qh4+ 38. Nh3 Qxh5 0-1

[Event "Matinhos Caioba-ch"]
[Site "Matinhos"]
[Date "2015.08.29"]
[Round "4"]
[White "Delgado Ramirez, Neuris"]
[Black "Rocha, Wellington Carlos"]
[Result "1-0"]
[WhiteElo "2604"]
[BlackElo "2363"]
[PlyCount "63"]
[EventDate "2015.08.28"]
[EventType "swiss"]
[EventRounds "6"]
[EventCountry "BRA"]
[SourceTitle "EXT 2016"]
[Source "ChessBase"]
[SourceDate "2015.10.08"]
[SourceVersion "1"]
[SourceVersionDate "2015.10.08"]
[SourceQuality "1"]

1. e4 c5 2. Nf3 e6 3. d4 cxd4 4. Nxd4 a6 5. Nc3 Qc7 6. Qf3 Nc6 7. Nxc6 dxc6 8.
Be2 Nf6 9. a4 a5 10. O-O Bd6 11. Kh1 h5 12. Qh3 e5 13. Qg3 Bg4 14. Bxg4 hxg4
15. Bg5 O-O-O 16. Bxf6 gxf6 17. Qxg4+ Kb8 18. Ne2 Bc5 19. Qf3 Rd2 20. Ng3 Rh4
21. Qc3 Bb4 22. Qc4 Qd7 23. c3 Bf8 24. b4 axb4 25. cxb4 Rd4 26. Qc2 Rxb4 27.
Rfd1 Rd4 28. Nf5 Rxd1+ 29. Rxd1 Rxe4 30. f3 Rc4 31. Rxd7 Rxc2 32. h4 1-0

[Event "Matinhos Caioba-ch"]
[Site "Matinhos"]
[Date "2015.08.30"]
[Round "5"]
[White "Stamenkovic, Dragan"]
[Black "Delgado Ramirez, Neuris"]
[Result "0-1"]
[WhiteElo "2408"]
[BlackElo "2604"]
[PlyCount "132"]
[EventDate "2015.08.28"]
[EventType "swiss"]
[EventRounds "6"]
[EventCountry "BRA"]
[SourceTitle "EXT 2016"]
[Source "ChessBase"]
[SourceDate "2015.10.08"]
[SourceVersion "1"]
[SourceVersionDate "2015.10.08"]
[SourceQuality "1"]

1. d4 Nf6 2. Bg5 d5 3. e3 Nc6 4. Nf3 Ne4 5. Bf4 e6 6. Bd3 g5 7. Bxe4 gxf4 8.
Bd3 fxe3 9. fxe3 Bd7 10. Nc3 Qe7 11. a3 O-O-O 12. Qe2 Bh6 13. O-O f6 14. Rae1
Be8 15. Qf2 f5 16. Ne2 Bh5 17. Bb5 Nb8 18. Nf4 Bxf3 19. Qxf3 c6 20. Bd3 Nd7 21.
c4 Bxf4 22. Qxf4 dxc4 23. Bxc4 Nb6 24. Bb3 Qf6 25. Kh1 Nd5 26. Bxd5 Rxd5 27.
Rc1 Rg8 28. Rf3 Rg6 29. b4 Qg7 30. Rf2 Rg4 31. Qf3 Qg5 32. Rfc2 Re4 33. Rc3 Kd7
34. h3 Ke7 35. Rb1 e5 36. dxe5 Rdxe5 37. b5 Rxe3 38. Rxe3 Rxe3 39. Qf2 c5 40.
b6 a6 41. Rd1 f4 42. Qd2 Kf7 43. Qa2+ Kf8 44. Qc2 f3 45. Rf1 Ke8 46. gxf3 Qh5
47. Qf2 Qe5 48. Qg2 Kd7 49. Qg8 Qf5 50. Qg3 Kc6 51. a4 Kxb6 52. a5+ Ka7 53. Rf2
Qb1+ 54. Kh2 Re1 55. Qd6 Rh1+ 56. Kg3 Qb4 57. Re2 Rg1+ 58. Kh2 Rg6 59. Qc7 Rc6
60. Qxh7 Qxa5 61. Qe4 c4 62. f4 c3 63. f5 Qc7+ 64. Kg2 c2 65. Qe3+ Qb6 66. Qc1
Qd4 0-1

[Event "Matinhos Caioba-ch"]
[Site "Matinhos"]
[Date "2015.08.30"]
[Round "6"]
[White "Delgado Ramirez, Neuris"]
[Black "Umetsubo, Cesar Hidemitsu"]
[Result "1/2-1/2"]
[WhiteElo "2604"]
[BlackElo "2286"]
[PlyCount "20"]
[EventDate "2015.08.28"]
[EventType "swiss"]
[EventRounds "6"]
[EventCountry "BRA"]
[SourceTitle "EXT 2016"]
[Source "ChessBase"]
[SourceDate "2015.10.08"]
[SourceVersion "1"]
[SourceVersionDate "2015.10.08"]
[SourceQuality "1"]

1. e4 e5 2. Nf3 Nf6 3. Nxe5 d6 4. Nf3 Nxe4 5. Qe2 Qe7 6. d3 Nf6 7. Bg5 Qxe2+ 8.
Bxe2 Be7 9. Nc3 c6 10. O-O Na6 1/2-1/2

[Event "Brasilia FBX 50"]
[Site "Brasilia"]
[Date "2015.09.05"]
[Round "1"]
[White "De Moura, Valderi Nascimento"]
[Black "Delgado Ramirez, Neuris"]
[Result "0-1"]
[WhiteElo "1749"]
[BlackElo "2605"]
[PlyCount "104"]
[EventDate "2015.09.05"]
[EventType "swiss"]
[EventRounds "6"]
[EventCountry "BRA"]
[SourceTitle "EXT 2016"]
[Source "ChessBase"]
[SourceDate "2015.10.08"]
[SourceVersion "1"]
[SourceVersionDate "2015.10.08"]
[SourceQuality "1"]

1. e4 c5 2. Nf3 d6 3. Bb5+ Nd7 4. O-O a6 5. Bxd7+ Bxd7 6. h3 Nf6 7. e5 dxe5 8.
Nxe5 Be6 9. d3 g6 10. Be3 Rc8 11. Nd2 Nd5 12. Re1 Nxe3 13. Rxe3 Bh6 14. Re1 O-O
15. b3 Qc7 16. Ndf3 b5 17. a4 Bg7 18. axb5 axb5 19. c4 Rfd8 20. cxb5 Bd5 21.
Rc1 Qb7 22. Nc6 Bxc6 23. bxc6 Rxc6 24. Qc2 e6 25. Re4 Rb6 26. Rb1 Qd5 27. Ne1
Bd4 28. Nf3 f5 29. Re2 Bf6 30. Rbe1 Qxd3 31. Qxc5 Qd6 32. Qc4 Re8 33. Qa4 Re7
34. Ne5 Ra6 35. Qc4 Kg7 36. b4 Rc7 37. Qb3 Qb6 38. Nd3 Rc3 39. Qxe6 Qxe6 40.
Rxe6 Rxe6 41. Rxe6 Rxd3 42. b5 Rb3 43. Rb6 Bd4 44. Rb7+ Kf6 45. Rxh7 Rb1+ 46.
Kh2 Bxf2 47. Rd7 f4 48. g4 Rb3 49. b6 Bxb6 50. h4 f3 51. Kg3 f2+ 52. Kg2 Rg3+
0-1

[Event "Brasilia FBX 50"]
[Site "Brasilia"]
[Date "2015.09.05"]
[Round "2"]
[White "Delgado Ramirez, Neuris"]
[Black "Peixoto, Helio Ricardo Souti"]
[Result "1-0"]
[WhiteElo "2605"]
[BlackElo "1943"]
[PlyCount "93"]
[EventDate "2015.09.05"]
[EventType "swiss"]
[EventRounds "6"]
[EventCountry "BRA"]
[SourceTitle "EXT 2016"]
[Source "ChessBase"]
[SourceDate "2015.10.08"]
[SourceVersion "1"]
[SourceVersionDate "2015.10.08"]
[SourceQuality "1"]

1. e4 c5 2. Nf3 d6 3. d4 cxd4 4. Nxd4 Nf6 5. Nc3 a6 6. Bg5 Qa5 7. Bxf6 gxf6 8.
Nb3 Qd8 9. Qh5 Nc6 10. f4 e6 11. f5 Ne5 12. Nd4 Qa5 13. Be2 exf5 14. Nb3 Qd8
15. exf5 Bd7 16. O-O-O Bc6 17. Bf3 Qb6 18. Rhe1 O-O-O 19. Bd5 Rd7 20. Re4 Be7
21. Qe2 Bd8 22. a3 a5 23. Bxc6 bxc6 24. Ra4 Qa7 25. Nxa5 Bxa5 26. b4 d5 27.
Rxa5 Qb7 28. Na4 Nc4 29. Nc5 Re7 30. Qxc4 dxc4 31. Nxb7 Kxb7 32. Rc5 Rg8 33. g3
Rg4 34. Rd6 Re2 35. Rxf6 Rxh2 36. Rxf7+ Kb6 37. Rf6 Rxg3 38. Rcxc6+ Kb7 39.
Rfe6 Rg7 40. Rb6+ Ka7 41. Ra6+ Kb8 42. Reb6+ Kc7 43. Rc6+ Kb7 44. Rab6+ Ka7 45.
Rb5 Rg4 46. Rc7+ Ka6 47. Rb8 1-0

[Event "Brasilia FBX 50"]
[Site "Brasilia"]
[Date "2015.09.05"]
[Round "3"]
[White "Nascimento, Davi da Silva"]
[Black "Delgado Ramirez, Neuris"]
[Result "0-1"]
[WhiteElo "2113"]
[BlackElo "2605"]
[PlyCount "90"]
[EventDate "2015.09.05"]
[EventType "swiss"]
[EventRounds "6"]
[EventCountry "BRA"]
[SourceTitle "EXT 2016"]
[Source "ChessBase"]
[SourceDate "2015.10.08"]
[SourceVersion "1"]
[SourceVersionDate "2015.10.08"]
[SourceQuality "1"]

1. e4 c5 2. Nf3 d6 3. d4 cxd4 4. Nxd4 Nf6 5. Nc3 Nc6 6. Be2 e5 7. Nb3 Be7 8.
O-O O-O 9. Be3 a5 10. a4 Nb4 11. f4 Bd7 12. fxe5 dxe5 13. Bf3 Be6 14. Qxd8
Raxd8 15. Rac1 Nxc2 16. Rxc2 Bxb3 17. Rd2 Rxd2 18. Bxd2 Bc5+ 19. Kh1 Bb4 20.
Ra1 h6 21. h3 Rd8 22. Be1 Nd7 23. Bd1 Nc5 24. Be2 Nd3 25. Bxd3 Rxd3 26. Kg1 f6
27. Kh2 Rd4 28. Kg3 Bxa4 29. Rxa4 Bxc3 30. Ra1 Bxe1+ 31. Rxe1 Rd3+ 32. Kh2 Rd2
33. Rb1 a4 34. Kg3 b5 35. Kf3 Rd3+ 36. Ke2 Rg3 37. Kd2 Rxg2+ 38. Kc3 Rg3+ 39.
Kb4 Rb3+ 40. Kc5 a3 41. Ra1 axb2 42. Rb1 Rxh3 43. Rxb2 Re3 44. Kd5 Kf7 45. Rxb5
Rd3+ 0-1

[Event "Brasilia FBX 50"]
[Site "Brasilia"]
[Date "2015.09.05"]
[Round "4"]
[White "Delgado Ramirez, Neuris"]
[Black "Garonzi, Martino"]
[Result "1-0"]
[WhiteElo "2605"]
[BlackElo "1995"]
[PlyCount "49"]
[EventDate "2015.09.05"]
[EventType "swiss"]
[EventRounds "6"]
[EventCountry "BRA"]
[SourceTitle "EXT 2016"]
[Source "ChessBase"]
[SourceDate "2015.10.08"]
[SourceVersion "1"]
[SourceVersionDate "2015.10.08"]
[SourceQuality "1"]

1. e4 c5 2. Nf3 Nc6 3. Bb5 d6 4. O-O Bd7 5. Re1 g6 6. Bxc6 Bxc6 7. d4 Bg7 8. d5
Bd7 9. c4 Nf6 10. h3 O-O 11. Nc3 e6 12. dxe6 Bxe6 13. Qd3 Qb6 14. b3 Nd7 15.
Bf4 Ne5 16. Nxe5 Bxe5 17. Bh6 Rfe8 18. Rad1 Rad8 19. Kh1 Qa5 20. Bd2 f5 21. f4
Bg7 22. Nd5 Qxa2 23. Nc7 Bf7 24. Nxe8 Rxe8 25. exf5 1-0

[Event "Brasilia FBX 50"]
[Site "Brasilia"]
[Date "2015.09.05"]
[Round "5"]
[White "Perdomo, Leandro Daniel"]
[Black "Delgado Ramirez, Neuris"]
[Result "0-1"]
[WhiteElo "2428"]
[BlackElo "2605"]
[PlyCount "124"]
[EventDate "2015.09.05"]
[EventType "swiss"]
[EventRounds "6"]
[EventCountry "BRA"]
[SourceTitle "EXT 2016"]
[Source "ChessBase"]
[SourceDate "2015.10.08"]
[SourceVersion "1"]
[SourceVersionDate "2015.10.08"]
[SourceQuality "1"]

1. d4 Nf6 2. c4 e6 3. Nf3 b6 4. g3 Ba6 5. Qc2 Bb4+ 6. Bd2 Be7 7. e4 d5 8. cxd5
Bxf1 9. Kxf1 exd5 10. e5 Ne4 11. Nc3 Nxd2+ 12. Qxd2 Qd7 13. Kg2 Nc6 14. h4 Nd8
15. Ne2 Ne6 16. Nf4 {(=)} O-O 17. Rac1 c5 18. dxc5 Nxf4+ 19. Qxf4 bxc5 20. b4
cxb4 21. Nd4 Rfc8 22. Nf5 Bf8 23. Rxc8 Rxc8 24. Rd1 Rd8 25. h5 h6 26. Rd4 a5
27. Qf3 Qe6 28. Rg4 Re8 29. Qf4 Kh8 30. Nd4 Qd7 31. Rh4 a4 32. Rh1 Bc5 33. Nf5
d4 34. Qg4 Bf8 35. Qe4 Qe6 36. Nxd4 Qxe5 37. Qxe5 Rxe5 38. Rc1 Bc5 39. Nc6 Rxh5
40. Rb1 Rd5 41. f4 Rd2+ 42. Kh3 a3 43. Rc1 Bd6 44. Ra1 f5 45. Na5 Rd3 46. Kg2
g5 47. Nc4 gxf4 48. Nxd6 Rxd6 49. gxf4 Kg7 50. Kf3 Rd3+ 51. Ke2 Rh3 52. Rb1
Rh2+ 53. Kf3 Rb2 54. Ra1 Kf6 55. Ke3 h5 56. Kd4 h4 57. Rh1 b3 58. axb3 a2 59.
Ra1 h3 60. Ke3 Rg2 61. b4 h2 62. b5 Rg1 0-1

[Event "Brasilia FBX 50"]
[Site "Brasilia"]
[Date "2015.09.05"]
[Round "6"]
[White "Delgado Ramirez, Neuris"]
[Black "Valle, Adriano"]
[Result "1-0"]
[WhiteElo "2605"]
[BlackElo "2244"]
[PlyCount "55"]
[EventDate "2015.09.05"]
[EventType "swiss"]
[EventRounds "6"]
[EventCountry "BRA"]
[SourceTitle "EXT 2016"]
[Source "ChessBase"]
[SourceDate "2015.10.08"]
[SourceVersion "1"]
[SourceVersionDate "2015.10.08"]
[SourceQuality "1"]

1. e4 e6 2. d4 d5 3. Nd2 c5 4. exd5 Qxd5 5. dxc5 Bxc5 6. Ngf3 Nf6 7. Bc4 Qd8 8.
Qe2 O-O 9. Nb3 Be7 10. Bf4 Nc6 11. O-O Qb6 12. a4 a5 13. Rad1 Bd7 14. Bb5 Rfd8
15. Nfd2 Nd5 16. Nc4 Qa7 17. Bg3 b6 18. c3 Be8 19. Qf3 Rac8 20. Rd2 Nb8 21. Nd4
Bc5 22. Bxe8 Rxe8 23. Nb5 Qd7 24. Nbd6 Bxd6 25. Nxd6 Na6 26. Nxc8 Rxc8 27. Qe2
Qb7 28. Rfd1 1-0

[Event "Barreirinhas Athenas op"]
[Site "Barreirinhas"]
[Date "2015.10.16"]
[Round "1"]
[White "Pereira, Jefferson Luis"]
[Black "Delgado Ramirez, Neuris"]
[Result "0-1"]
[WhiteElo "1950"]
[BlackElo "2615"]
[PlyCount "98"]
[EventDate "2015.10.16"]
[EventType "swiss"]
[EventRounds "6"]
[EventCountry "BRA"]
[SourceTitle "CBM 168 Extra"]
[Source "ChessBase"]
[SourceDate "2015.10.29"]
[SourceVersion "1"]
[SourceVersionDate "2015.10.29"]
[SourceQuality "1"]

1. e4 c5 2. Nc3 Nc6 3. Nf3 Nf6 4. b3 g6 5. Bb2 Bg7 6. Nd5 O-O 7. Nxf6+ exf6 8.
Bc4 Re8 9. O-O Rxe4 10. Bd5 Re8 11. a3 Ne7 12. Bc4 d5 13. Bb5 Rf8 14. Re1 Nf5
15. h3 c4 16. bxc4 a6 17. Ba4 dxc4 18. c3 Be6 19. Bc2 Qb6 20. Rb1 Rfd8 21. Qe2
Rd7 22. d3 Rc8 23. d4 Ne7 24. Nd2 Qc7 25. Be4 Nd5 26. Bxd5 Bxd5 27. Bc1 Qc6 28.
f3 Bf8 29. Ne4 f5 30. Ng3 Re7 31. Qd2 Rxe1+ 32. Qxe1 Re8 33. Qf2 Qe6 34. a4 Bd6
35. Bd2 f4 36. Nf1 Qf5 37. Re1 Re6 38. Bc1 g5 39. Rxe6 fxe6 40. Qe2 e5 41. Nd2
Qc2 42. Ba3 Bc7 43. dxe5 Qxc3 44. e6 Bb6+ 45. Kh2 Qa1 46. Nf1 Qd4 47. h4 g4 48.
fxg4 Qg1+ 49. Kh3 Bf2 0-1

[Event "Barreirinhas Athenas op"]
[Site "Barreirinhas"]
[Date "2015.10.16"]
[Round "2"]
[White "Delgado Ramirez, Neuris"]
[Black "Fernandes Filho, Bergson Fragoso"]
[Result "1-0"]
[WhiteElo "2615"]
[BlackElo "2119"]
[PlyCount "49"]
[EventDate "2015.10.16"]
[EventType "swiss"]
[EventRounds "6"]
[EventCountry "BRA"]
[SourceTitle "CBM 168 Extra"]
[Source "ChessBase"]
[SourceDate "2015.10.29"]
[SourceVersion "1"]
[SourceVersionDate "2015.10.29"]
[SourceQuality "1"]

1. e4 e6 2. d4 d5 3. Nd2 b6 4. Ngf3 Bb7 5. e5 Be7 6. c3 Nd7 7. Bd3 g5 8. Nf1 c5
9. Ng3 h5 10. h3 h4 11. Nf1 f5 12. exf6 Bxf6 13. Ne3 Nh6 14. O-O Qc7 15. Bg6+
Kf8 16. Nh2 Kg7 17. Bc2 cxd4 18. cxd4 Ba6 19. Re1 Rac8 20. Bd2 Bxd4 21. Rc1 Ne5
22. Neg4 Rhf8 23. Bxg5 Nhxg4 24. Qxd4 Rxf2 25. Nxg4 1-0

[Event "Barreirinhas Athenas op"]
[Site "Barreirinhas"]
[Date "2015.10.17"]
[Round "3"]
[White "Quintiliano Pinto, Renato Rodrigues"]
[Black "Delgado Ramirez, Neuris"]
[Result "1-0"]
[WhiteElo "2443"]
[BlackElo "2615"]
[PlyCount "71"]
[EventDate "2015.10.16"]
[EventType "swiss"]
[EventRounds "6"]
[EventCountry "BRA"]
[SourceTitle "CBM 168 Extra"]
[Source "ChessBase"]
[SourceDate "2015.10.29"]
[SourceVersion "1"]
[SourceVersionDate "2015.10.29"]
[SourceQuality "1"]

1. d4 Nf6 2. c4 e6 3. Nf3 b6 4. g3 Bb7 5. Bg2 Be7 6. O-O O-O 7. d5 Qc8 8. Nc3
Bb4 9. Bd2 c6 10. Nd4 Bxc3 11. Bxc3 Na6 12. e4 cxd5 13. cxd5 Nc5 14. Re1 a5 15.
Nb3 Ne8 16. Rc1 Qd8 17. e5 Qb8 18. Bd4 Nxb3 19. Qxb3 Nc7 20. d6 Nd5 21. Bxd5
Bxd5 22. Qxb6 Qxb6 23. Bxb6 Rfb8 24. Bd4 Bxa2 25. Rc7 Rd8 26. Ba7 Bb3 27. Ra1
a4 28. Rac1 f6 29. R1c5 Bd5 30. Ra5 fxe5 31. Rxa4 Rdb8 32. Ra1 Bc6 33. Rc1 Rb5
34. R1xc6 dxc6 35. d7 Rf8 36. Rc8 1-0

[Event "Barreirinhas Athenas op"]
[Site "Barreirinhas"]
[Date "2015.10.17"]
[Round "4"]
[White "Delgado Ramirez, Neuris"]
[Black "Reis, Virginia Lagrange M"]
[Result "1-0"]
[WhiteElo "2615"]
[BlackElo "1927"]
[PlyCount "33"]
[EventDate "2015.10.16"]
[EventType "swiss"]
[EventRounds "6"]
[EventCountry "BRA"]
[SourceTitle "CBM 168 Extra"]
[Source "ChessBase"]
[SourceDate "2015.10.29"]
[SourceVersion "1"]
[SourceVersionDate "2015.10.29"]
[SourceQuality "1"]

1. e4 c5 2. Nf3 Nc6 3. Bb5 g6 4. c3 Bg7 5. d4 cxd4 6. cxd4 d5 7. exd5 Qxd5 8.
Nc3 Qd8 9. d5 Bxc3+ 10. bxc3 Qa5 11. Qa4 Qxc3+ 12. Ke2 Qxa1 13. dxc6 bxc6 14.
Bxc6+ Bd7 15. Bxd7+ Kd8 16. Bd2 Qb2 17. Rb1 1-0

[Event "Barreirinhas Athenas op"]
[Site "Barreirinhas"]
[Date "2015.10.18"]
[Round "5"]
[White "Fernandez, Maria Florencia"]
[Black "Delgado Ramirez, Neuris"]
[Result "0-1"]
[WhiteElo "2214"]
[BlackElo "2615"]
[PlyCount "90"]
[EventDate "2015.10.16"]
[EventType "swiss"]
[EventRounds "6"]
[EventCountry "BRA"]
[SourceTitle "CBM 168 Extra"]
[Source "ChessBase"]
[SourceDate "2015.10.29"]
[SourceVersion "1"]
[SourceVersionDate "2015.10.29"]
[SourceQuality "1"]

1. d4 Nf6 2. c4 e6 3. Nc3 Bb4 4. Bd2 O-O 5. Nf3 c5 6. e3 b6 7. Bd3 Bb7 8. O-O
d6 9. dxc5 bxc5 10. Qc2 Nc6 11. Rad1 Qe7 12. a3 Ba5 13. Ng5 h6 14. Nh7 Nxh7 15.
Bxh7+ Kh8 16. Be4 Rac8 17. Nb5 Bb6 18. Bc1 Rfd8 19. Qb1 f5 20. Bf3 a6 21. Nc3
Ne5 22. Bxb7 Qxb7 23. Qa2 Rb8 24. Ne2 Bc7 25. Nf4 Re8 26. Nd3 Nc6 27. Bd2 a5
28. Bc3 a4 29. Qb1 Qb3 30. Rc1 e5 31. Rfd1 Re6 32. Ne1 e4 33. Qc2 Ba5 34. Bxa5
Nxa5 35. Rd2 Kh7 36. h3 g5 37. Qc3 Qxc3 38. Rxc3 Kg6 39. f3 Rb3 40. fxe4 Rxc3
41. exf5+ Kxf5 42. bxc3 Rxe3 43. Kf2 Nxc4 44. Rd1 Rxc3 45. g4+ Ke4 0-1